00627nam a2200193Ia 4500008004100000020001500041082001300056100001800069245003800087250000800125260002700133300001300160500002400173650001200197942000700209952010000216952010000316999001700416230524s9999 xx 000 0 und d a812031266X a510bAZA aMohammed Azam 0aProgramming with Visual Basic 6.0 a1ST aNEW DELHIbVikasc2005 aXXII;456 aQuantity Number: 2 aComp-Sc cBK 00104070aTATCLbTATCLcGENd2023-05-24l0o510 AZAp6748r2023-05-24w2023-05-24yBKzBE2105 00104070aTATCLbTATCLcGENd2023-05-24l0o510 AZAp6749r2023-05-24w2023-05-24yBKzBE2105 c22695d22695